Harrison Ford Movies by Picture (Click) - Statistics

General Stats
  • This quiz has been taken 123 times
  • The average score is 7 of 16
Answer Stats
Hint Answer % Correct
Star Wars - Episode IV : A New Hope
97%
Indiana Jones and the Temple of Doom
95%
Blade Runner
60%
Firewall
56%
Apocalypse Now
50%
K-19: The Widowmaker
49%
1923
44%
Six Days Seven Nights
44%
The Age of Adaline
40%
Patriot Games
36%
The Expendables 3
34%
Shrinking
33%
Hollywood Homicide
27%
Clear and Present Danger
26%
Paranoia
23%
Random Hearts
16%
No matching quizzes found
Score Distribution
Percent of People with Each Score
Percentile by Number Answered
Your Score History
You have not taken this quiz